Law relating to prohibition of private monopoly and methods of preserving fair trade : With concomitant orders, regulations, and notifications, 1978

Gespeichert in:
Bibliographische Detailangaben
1. Verfasser: Nakane, Fukio
Format: Buch
Sprache:Undetermined
Veröffentlicht: Tokyo Eibun-Horei-sha 1978
Schlagworte:
Tags: Tag hinzufügen
Keine Tags, Fügen Sie den ersten Tag hinzu!
Thư viện lưu trữ: Trung tâm Học liệu Trường Đại học Cần Thơ
LEADER 00614nam a2200205Ia 4500
001 CTU_97754
008 210402s9999 xx 000 0 und d
082 |a 343 
082 |b N163 
100 |a Nakane, Fukio 
245 0 |a Law relating to prohibition of private monopoly and methods of preserving fair trade : 
245 0 |b With concomitant orders, regulations, and notifications, 1978 
245 0 |c Fukio Nakane 
260 |a Tokyo 
260 |b Eibun-Horei-sha 
260 |c 1978 
650 |a Antitrust law 
650 |z Japan 
904 |i Giang 
980 |a Trung tâm Học liệu Trường Đại học Cần Thơ